000 00573nam a2200181Ia 4500
003 GCL
008 140319s9999 xx 000 0 ara d
040 _aGCL /
_cGCL
082 0 4 _a155.23
_bع ا
100 1 _aعبدالفتاح محمد دويدار
245 1 0 _aالاساس البيولوجى والفيزيولوجى للشخصية (من المنظور السيكولوجى) /
_cعبدالفتاح محمد دويدار
300 _a407 ص
490 _a
650 0 4 _aعلم النفس
650 0 4 _aالشخصية
650 0 4 _aالحواس
942 _2ddc
_cBK
999 _c39212
_d39212